|
|
|
|
| LEADER |
00000cam a2200000 i 4500 |
| 001 |
1/3592 |
| 008 |
100125s2008 eng d |
| 020 |
|
|
|a 978-0-7546-5631-9
|
| 035 |
|
|
|l 10106429
|
| 040 |
|
|
|a GR-MY-UA
|b gre
|e aacr
|
| 041 |
0 |
|
|a eng
|
| 082 |
0 |
|
|a 704.9425
|2 (22)
|
| 100 |
1 |
|
|a Hennessy, Cecily
|d 1957-
|
| 245 |
1 |
0 |
|a Images of children in Byzantium /
|c Cecily Hennessy
|
| 260 |
|
|
|a Farnham, England :
|b Ashgate,
|c c2008
|
| 300 |
|
|
|a xviii, 263 σ., [8] σ. φύλλα πινάκων;
|b εικ. (μερ. έγχρ.);
|c 25 εκ.
|
| 504 |
|
|
|a Βιβλιογραφία: σ. [219]-250
|
| 504 |
|
|
|a Ευρετήριο: σ. [251]-263
|
| 650 |
0 |
0 |
|a Children in art.
|
| 650 |
0 |
0 |
|a Art, Byzantine.
|
| 650 |
0 |
0 |
|a Children
|z Byzantine Empire
|x Social conditions.
|
| 852 |
|
|
|a INST
|b LESVOS
|e 20100125
|h 704.9425 HEN
|p 005100045826
|q 005100045826
|t BK
|y 0
|
| 901 |
|
|
|a BIBL1-2010-1
|
| 909 |
|
|
|a Λ
|b 160656
|
| 970 |
|
|
|a ΓΙΑΛΑΜΑ
|b ΜΑΡΙΑ
|z 2010/01/25
|